Obchod skončil s prebytkom najmä vďaka autám

Vývoj zahraničného obchodu na Slovensku. Údaje o zahraničnoobchodnej bilancii. Príčiny prebytku.

Salvato in:
Dettagli Bibliografici
Autore principale: Kuruc, Radko
Natura: Capitolo di libro
Lingua:slovacco
Soggetti:
Tags: Aggiungi Tag
Nessun Tag, puoi essere il primo ad aggiungerne!!

MARC

LEADER 00000naa a2200000 4500
001 r049236
005 20230925124511.5
041 0 |a slo 
044 |a SK 
245 1 0 |a Obchod skončil s prebytkom najmä vďaka autám  |c Radko Kuruc 
520 |a Vývoj zahraničného obchodu na Slovensku. Údaje o zahraničnoobchodnej bilancii. Príčiny prebytku. 
610 2 0 |a bilancia obchodná 
610 2 0 |a obchod zahraničný 
610 2 0 |a automobily 
610 2 0 |a údaje štatistické 
610 2 0 |a Slovensko 
100 1 |a Kuruc, Radko